El Jeneral D. José de San Martín considerado según documentos enteramente inéditos con motivo de la inauguración de su estatua en Santiago el 5 de abril de 1863
Guardat en:
| Autor principal: | |
|---|---|
| Format: | Llibre |
| Idioma: | espanyol |
| Publicat: |
Santiago
Guillermo Miranda, Ahumada, 51
1902
|
| Edició: | 2a. ed |
| Col·lecció: | Biblioteca de Autores Chilenos, VII
|
| Matèries: | |
| Etiquetes: |
Afegir etiqueta
Sense etiquetes, Sigues el primer a etiquetar aquest registre!
|
MARC
| LEADER | 00000nam a2200000 a 4500 | ||
|---|---|---|---|
| 001 | UCJ7591 | ||
| 003 | CL-VaPUC | ||
| 008 | 070124e19020000CL |||||||||||||||||spa|d | ||
| 082 | 0 | 4 | |a 983 |b VIC |2 21 |
| 100 | |a Vicuña Mackenna, Benjamín, |d 1831-1886 |x Político e historiador |z Chile |e author |9 374 | ||
| 245 | 1 | 3 | |a El Jeneral D. José de San Martín considerado según documentos enteramente inéditos con motivo de la inauguración de su estatua en Santiago el 5 de abril de 1863 |
| 250 | |a 2a. ed | ||
| 300 | |a 150 p | ||
| 942 | |c BK | ||
| 945 | |d 20070124 00:00:00 |a rinostro | ||
| 260 | |a Santiago |b Guillermo Miranda, Ahumada, 51 |c 1902 | ||
| 500 | |a La c.1, ejemplar intonso, se encuentra separada; la copia 2 se encuentra empastada junto a otras monografías en un volumen rotulado Miscelánea A O-1, al final de las obras de Vicuña Mackenna | ||
| 500 | |a Existe, además, una primera edición | ||
| 600 | 0 | 7 | |a SAN MARTIN, JOSE DE |2 CL-VaPUC |9 516080 |
| 600 | 0 | 7 | |a SAN MARTIN, MERCEDES DE |2 CL-VaPUC |9 508336 |
| 600 | 0 | 7 | |a SAN MARTIN, MARIA HELENA |2 CL-VaPUC |9 508338 |
| 600 | 0 | 7 | |a BALCARCE, MARIANO |2 CL-VaPUC |9 508337 |
| 650 | 0 | |a Biografías |9 255210 | |
| 650 | 0 | |a Homenajes |9 258192 | |
| 650 | 0 | |a Monumentos |9 265246 | |
| 650 | 0 | |a Fuentes Históricas |9 265141 | |
| 650 | 7 | |a TESTAMENTOS |2 CL-VaPUC |9 255014 | |
| 650 | 0 | |a Guerra de la independencia |9 331979 | |
| 651 | 0 | |a Argentina |9 254888 | |
| 651 | 7 | |a CHILE |2 CL-VaPUC |9 516081 | |
| 651 | 0 | |a Perú |9 256567 | |
| 583 | |a last modification |c 20070124 00:00:00 |k Rodrigo Vera | ||
| 490 | 0 | |a Biblioteca de Autores Chilenos, VII | |
| 999 | |c 323638 |d 323636 | ||
| 952 | |0 0 |1 0 |4 0 |6 983_000000000000000_VIC_1902 |7 0 |8 X |9 403402 |a FDOBUD |b FDOBUD |d 2019-11-22 |i 1066498 |o 983 VIC 1902 |p 1066498 |r 2019-11-22 |w 2019-11-22 |y BK_X |k BUD | ||
| 952 | |0 0 |1 0 |4 0 |6 983_000000000000000_VIC_1902 |7 0 |8 X |9 403403 |a FDOBUD |b FDOBUD |d 2019-11-22 |i 1066544 |o 983 VIC 1902 |p 1066544 |r 2019-11-22 |w 2019-11-22 |y BK_X |k BUD | ||